Capitals of Countries in the EU - Statistics

General Stats
  • This quiz has been taken 422 times
    395 since last reset
  • The average score is 23 of 28
Answer Stats
Country Capital City % Correct
United Kingdom London
100%
Italy Rome
99%
Spain Madrid
98%
France Paris
98%
Germany Berlin
97%
Greece Athens
95%
Poland Warsaw
93%
Austria Vienna
91%
Hungary Budapest
90%
Czech Republic Prague
90%
Ireland Dublin
89%
Bulgaria Sofia
89%
Netherlands Amsterdam
86%
Finland Helsinki
86%
Portugal Lisbon
86%
Belgium Brussels
85%
Denmark Copenhagen
85%
Sweden Stockholm
83%
Croatia Zagreb
81%
Latvia Riga
79%
Luxemburg Luxembourg
78%
Slovakia Bratislava
72%
Lithuania Vilnius
70%
Estonia Tallinn
66%
Slovenia Ljubljana
62%
Cyprus Nicosia
61%
Malta Valletta
57%
Romania Bukarest
19%
No matching quizzes found
Score Distribution
Percent of People with Each Score
Percentile by Number Answered
Your Score History
You have not taken this quiz since the last reset